| 000 | 00759cab a2200205 4500 | ||
|---|---|---|---|
| 001 | ABS40822 | ||
| 008 | 090401t1989 xxu||||| |||| 00| 0 eng d | ||
| 035 | _a(Sirsi) u26174 | ||
| 041 | _aeng | ||
| 100 | _aRook, A. | ||
| 245 | _aLandscape aid | ||
| 260 | _c1989 | ||
| 350 | _a0 | ||
| 490 |
_aLandscape Design _v(180) May 1989, 10-13(3) |
||
| 520 | _aDescribes the services of Community Technical Aid Centres , based mainly in run down inner cities . Their purpose is to enable local communities to focus their needs on specific social projects and achieve them. Includes two case histories which demonstrate the diversity of schemes. | ||
| 650 | _aCOMMUNITY ARCHITECTURE | ||
| 690 | _aPLANNING LAW AND PRACTICE | ||
| 942 | _n0 | ||
| 948 | _c04/03/1997 | ||
| 999 |
_c17571 _d17571 |
||